000 00679nam a2200205 a 4500
001 000019735
005 20200929170123.0
008 100705s1942 ht abc r 000 0 fre d
040 _aDO-SdBNP
_bfre
_cBNPHU
082 _a972.94
_bH673h
110 1 _aLes Frères de l´Instruction Chrétienne
_942196
245 1 0 _aHistoire D´Haiti /
_cEdición Henri Deschamps.
260 _aPort-au-Prince :
_bJoseph Archevêque,
_c1942.
300 _a240 p. :
_bil., mapas., retrs. ;
_c22 cm.
534 _aHistoria de Haití
651 4 _aHaití
_xHistoria
_ySIGLO XIV-XX
_942197
651 4 _aHaití
_xPolítica Y Gobierno
_912667
700 1 _aDeschamps, Henri,
_eed.
_942198
049 _aBNGR
999 _c19249
_d19249